| 000 | 00421nam a22001697a 4500 | ||
|---|---|---|---|
| 005 | 20160629171531.0 | ||
| 008 | 160629b xxu||||| |||| 00| 0 eng d | ||
| 020 | _a0-7619-9476-9 | ||
| 041 | _aeng | ||
| 082 | _b10878 | ||
| 100 |
_aMalkote, Sriniwas R and others _93251 |
||
| 245 | _aCommunication for the Development in the third World | ||
| 260 | _bSage | ||
| 300 | _a367 | ||
| 650 |
_aManagement _9241 |
||
| 942 | _cBK | ||
| 999 |
_c4787 _d4785 |
||